Sultão do Vale (Registo nº 4141)
[ vista simples ]
| 000 -Etiqueta do registo | |
|---|---|
| Cabeçalho | 00600nam a2200241 4500 |
| 005 - Identificador da versão | |
| Campo de controlo | 20240813122053.0 |
| 010 ## - Número internacional normalizado dos livros (ISBN) | |
| Número (ISBN) | 9725916204 |
| 021 ## - Número do Depósito Legal | |
| Código do país | PT |
| Número | 218701/04 |
| 100 ## - Dados gerais de processamento | |
| Dados gerais de processamento | 20061122d2004 m y0pory5003 ba |
| 102 ## - Pais de publicação ou produção | |
| País de publicação | Portugal |
| 101 0# - Língua de publicação | |
| Língua do texto, banda sonora, etc. | Português |
| 106 ## - Campo de dados codificados: material textual | |
| Dados codificados do material textual | r |
| 105 ## - Campo de dados codificados: livros | |
| Dados codificados dos livros | y z 000yy |
| 215 ## - Descrição física | |
| Indicação específica da natureza do documento e extensão da espécie | 350, [1] p. |
| Dimensões | 21 cm |
| 200 1# - Titulo e menção de responsabilidade | |
| Título próprio | Sultão do Vale |
| Informação de outro título | romance |
| Primeira menção de responsabilidade | Rui Marcelino |
| 210 ## - Publicação, Distribuição, etc. | |
| Lugar da edição, distribuição, etc. | Lisboa |
| Nome do editor, distribuidor, etc. | Minerva |
| Data da publicação, distribuição, etc. | 2004 |
| 675 ## - Classificação Decimal Universal (CDU) | |
| Notação | 821.134.3-31"20" |
| Edição | BN |
| Língua da edição | por |
| 700 #1 - Nome de autor-pessoa física (responsabilidade principal) | |
| Número de registo de entrada de autoridade | 0000783 |
| Palavra de ordem | Marcelino |
| Outra parte do nome não tomada para palavra de ordem | Rui |
| Datas | 1959- |
| 966 ## - Identificação da Biblioteca | |
| Sigla | EBVendas |
| 942 ## - Elementos de entrada adicionados (Koha) | |
| Tipo de item no Koha | Livro |
| Situação do levantamento | Origin of item (home branch) (coded) | Biblioteca de empréstimo | Código de barras | Cota | Circulation type (not for loan) | Tipo de documento | Nota do exemplar | Damaged status |
|---|---|---|---|---|---|---|---|---|
| Biblioteca Escolar das Vendas | Biblioteca Escolar das Vendas | BEV1025 | 8POR TAV | Livro | Sem mensagem |
